Lehnwort und Begriff in der Urheimatforschung

Elmentve itt :
Bibliográfiai részletek
Szerző: Lakó György
Dokumentumtípus: Cikk
Megjelent: Harrassowitz Wiesbaden 1969
Sorozat:Ural-Altaische Jahrbücher : Fortsetzung der "Ungarischen Jahrbücher" = Ural-Altaic yearbook
Kulcsszavak:Nyelvészet, Etimológia
Tárgyszavak:
Online Access:http://misc.bibl.u-szeged.hu/65899
LEADER 00826nab a2200229 i 4500
001 misc65899
005 20230124151035.0
008 220517s1969 hu o 0|| ger d
040 |a SZTE Miscellanea Repozitórium  |b hun 
041 |a ger 
041 |a fiu 
100 1 |a Lakó György 
245 1 0 |a Lehnwort und Begriff in der Urheimatforschung  |h [elektronikus dokumentum] /  |c  Lakó György 
260 |a Harrassowitz  |b Wiesbaden  |c 1969 
300 |a [1] p.  |c 24 cm 
490 0 |a Ural-Altaische Jahrbücher : Fortsetzung der "Ungarischen Jahrbücher" = Ural-Altaic yearbook 
561 |a Németh Gyula hagyaték 
591 |a NOU 3079 
650 4 |a Bölcsészettudományok 
650 4 |a Nyelvek és irodalom 
695 |a Nyelvészet, Etimológia 
856 4 0 |u http://misc.bibl.u-szeged.hu/65899/1/3079_nou_l18.pdf  |z Dokumentum-elérés